Rajasthan an oral history conversations with Komal Kothari. (Record no. 105375)

MARC details
000 -LEADER
fixed length control field 00434nam a2200157Ia 4500
008 - FIXED-LENGTH DATA ELEMENTS--GENERAL INFORMATION
fixed length control field 210210b2003 xxu||||| |||| 00| 0 eng d
020 ## - INTERNATIONAL STANDARD BOOK NUMBER
International Standard Book Number 0 14 302959 2
082 ## - DEWEY DECIMAL CLASSIFICATION NUMBER
Classification number 954.4 BHAR
100 ## - MAIN ENTRY--PERSONAL NAME
Personal name BHARUCHA (Rustom).
245 ## - TITLE STATEMENT
Title Rajasthan an oral history conversations with Komal Kothari.
260 ## - PUBLICATION, DISTRIBUTION, ETC.
Place of publication, distribution, etc. Delhi
Name of publisher, distributor, etc. Penguin Books
Date of publication, distribution, etc. 2003
300 ## - PHYSICAL DESCRIPTION
Extent 358
650 ## - SUBJECT ADDED ENTRY--TOPICAL TERM
Topical term or geographic name entry element Rajasthan Folklore Sati
690 ## - LOCAL SUBJECT ADDED ENTRY--TOPICAL TERM (OCLC, RLIN)
Topical term or geographic name as entry element Indian History
906 ## - LOCAL DATA ELEMENT F, LDF (RLIN)
a 058373
Holdings
Withdrawn status Lost status Damaged status Not for loan Collection code Home library Current library Shelving location Date acquired Source of acquisition Cost, normal purchase price Total Checkouts Full call number Barcode Date last seen Price effective from Koha item type
          St Aloysius Library St Aloysius Library   02/17/2021 Athree Book Centre, Mangalore-01. 325.00   954.4 BHAR 058373 02/17/2021 02/17/2021 Book